Los orígenes del partido liberación nacional y la socialdemocracia /
שמור ב:
| מחבר ראשי: | |
|---|---|
| פורמט: | לא ידוע |
| שפה: | Spanish |
| יצא לאור: |
San José, Costa Rica :
Editorial Porvenir S.A.,
1991.
|
| נושאים: | |
| תגים: |
הוספת תג
אין תגיות, היה/י הראשונ/ה לתייג את הרשומה!
|
MARC
| LEADER | 000000000a22000000004500 | ||
|---|---|---|---|
| 001 | 003652 | ||
| 020 | |a 9977944423 | ||
| 041 | 0 | |a spa | |
| 082 | 0 | 4 | |a 329.972.86 |b S171o |
| 100 | 1 | |a Salom Echeverría, Alberto | |
| 245 | 1 | 4 | |a Los orígenes del partido liberación nacional y la socialdemocracia / |c Alberto Salom Echeverría. |
| 260 | 1 | |a San José, Costa Rica : |b Editorial Porvenir S.A., |c 1991. | |
| 300 | |a 170 páginas ; |c 21 cm. | ||
| 650 | 4 | |a COSTA RICA | |
| 650 | 4 | |a HISTORIA | |
| 650 | 4 | |a POLITICA | |
| 650 | 4 | |a PARTIDO LIBERACION NACIONAL | |
| 650 | 4 | |a PARTIDOS POLITICOS | |
| 999 | |c 10125 |d 10125 | ||
| 942 | |c BK |h 329.972.86 S171o |2 z | ||



